Responses for show #7792 - Tuesday, June 26, 2018

Contestants

[<< previous game]

Andrew King, a lawyer from Little Rock, Arkansas

Jeff Witte, an electrical engineer from Fort Collins, Colorado

Kelly Griffin, a teacher from Brookhaven, Mississippi (whose 1-day cash winnings total $16,200)

[next game >>]

Jeopardy! Round responses

NOM DE MUPPET
IN THE STATE SONG
SPACED-OUT BUSINESS
REMEMBER THE LADIES
OLIVE MY LOVE
2 "U"
(Alex: There will be two "U"s in each correct response.)
    $200 3
Waldorf

Jeff
    $200 14
Mississippi

Andrew
    $200 26
Sirius

Kelly
    $200 1
Abigail Adams

Kelly
    $200 23
virgin

Jeff
    $200 9
output

Jeff
    $400 4
the Swedish Chef

Jeff
    $400 18
Texas

Jeff
    $400 25
Milky Way

Kelly
    $400 2
Annie Oakley

Jeff
    $400 27
Greece

Kelly
    $400 10
unfurl

Kelly
    $600 5
Peggy Lee

Jeff
    $600 15
Minnesota

Andrew
    $600 21
Asteroids

Jeff
    $600 8
(Andrew: Who is Jane Goodall?)

Margaret Mead

Andrew
Triple Stumper
    $600 28
a pimento

Jeff
    $600 19
a blue flu

Andrew
    $800 6
Beaker (or Bunsen)

Kelly
    $800 16
Nevada

Andrew
    $800 22
Comet

Kelly
    $800 11
Mother Teresa

Kelly
    $800 29
cured

Kelly
    $800 13
(Andrew: What is orzo?)

durum

KellyAndrew
    $1000 7
Midnight Cowboy

Jeff
    $1000 17
Tennessee

Andrew
    $2,000 24
Nova

Jeff
    $1000 12
Lorraine Hansberry

Andrew
    $1000 30
tapenade

Triple Stumper
    $1000 20
(Andrew: What is a yeoman?)

an augur

Andrew
Triple Stumper

Scores at the first commercial break (after clue 15):

Kelly Jeff Andrew
$3,000 $2,800 $400

Scores at the end of the Jeopardy! Round:

Kelly Jeff Andrew
$5,600 $6,600 $1,800

Double Jeopardy! Round responses

YES, PRIME MINISTER
COMMON BONDS
UNREAL ESTATE
QUOTES OF VICTORY
BROADWAY MUSICALS
5-SYLLABLE WORDS
    $400 5
(Margaret) Thatcher

Andrew
    $400 20
beans

Kelly
    $400 8
the Emerald City

Jeff
    $400 18
Machiavelli

Andrew
    $400 11
(Andrew: What is West Side Story?)

Grease

JeffAndrew
    $400 23
(Andrew: What is intermediate?)

individual

Andrew
Triple Stumper
    $800 4
(Justin) Trudeau

Andrew
    $800 21
Swahili words and phrases

Andrew
    $800 9
Lilliput

Jeff
    $800 27
an overnight success

Kelly
    $800 13
Bring in 'da Funk

Kelly
    $800 24
imaginary

Jeff
    $1200 1
Benazir Bhutto

Triple Stumper
    $1200 19
(Jeff: Things that rumble.)

things that growl

Jeff
Triple Stumper
    $1200 10
Mount Doom

Kelly
    $1200 28
Vince Lombardi

Jeff
    $1200 14
Guys and Dolls

Jeff
    $1200 6
economical

Triple Stumper
    $1600 2
Grenada

Andrew
    $1600 22
words for beginners

Jeff
    $1600 12
Casterbridge

Kelly
    $1600 29
an orphan

Andrew
    $1600 16
Charlie and the Chocolate Factory

Kelly
    $1600 7
proliferation

Jeff
    $2,400 3
Cambodia

Andrew
    $2000 26
things that click

Kelly
    $2000 15
(Jeff: [*]?)

Journey to the Center of the Earth

KellyJeff
    $6,999 30
Paine

Andrew
    $2000 17
(Andrew: What is Wicked?)

Into the Woods

KellyAndrew
    $2000 25
californium

Jeff

Scores at the end of the Double Jeopardy! Round:

Kelly Jeff Andrew
$18,000 $13,400 $13,999

[wagering suggestions for these scores]

Final Jeopardy! Round responses

INTERNATIONAL CINEMA
JeffWhat is Laos?
$13,398
AndrewWhat is United Arab Emirates?
$12,801
KellyWhat is
$17,000
Bangladesh

Final scores:

Kelly Jeff Andrew
$1,000 $2 $1,198
2nd place: $2,000 3rd place: $1,000 New champion: $1,198

Game dynamics:

Coryat scores:

Kelly Jeff Andrew
$18,000 $12,400 $8,600
19 R,
0 W
20 R
(including 1 DD),
2 W
14 R
(including 2 DDs),
6 W

Combined Coryat: $39,000

The J! Archive is created by fans, for fans. The Jeopardy! game show and all elements thereof, including but not limited to copyright and trademark thereto, are the property of Jeopardy Productions, Inc. and are protected under law. This website is not affiliated with, sponsored by, or operated by Jeopardy Productions, Inc. Join the discussion at JBoard.tv.